00333nam a2200109Ia 4500008004100000100007400041245004800115260002900163300000900192942000700201999001500208190216s9999||||xx |||||||||||||| ||und|| a"Chhatwal, Mehra, Katyal, Satake, Mohan Katyal & Nagahiro" 0aEnvironment Water Pollution And Its Control bAnmol Publicationsc1989 a532p cBK c2768d2768